El teorema Katherine / (Registro nro. 11113)
[ vista simple ]
| 000 -CABECERA | |
|---|---|
| Longitud fija campo de control | 00677nam a2200217 4500 |
| 003 - • IDENTIFICADOR DELl NÚMERO DE CONTROL | |
| Identificador del número de control | CO-ViMGA |
| 020 ## - • NÚMERO INTERNACIONAL NORMALIZADO PARA LIBROS | |
| Número Internacional Normalizado para Libros (ISBN) | 9789585783072 |
| 040 ## - FUENTE DE LA CATALOGACIÓN | |
| Centro catalogador de origen | CO-ViMGA |
| Lengua de catalogación | spa |
| Centro transcriptor | CO-ViMGA |
| 082 04 - • NÚMERO DE LA CLASIFICACIÓN DECIMAL DEWEY | |
| Número de clasificación (R) | 813.5 |
| Número del ítem | G72t |
| 100 1# - • PUNTO DE ACCESO PRINCIPAL-NOMBRE DE PERSONA | |
| Nombre de persona | Green, John. |
| 245 10 - • TITULO PROPIAMENTE DICHO | |
| Título | El teorema Katherine / |
| Mención de responsabilidad, etc. | John Green. |
| 300 ## - • DESCRIPCIÓN FÍSICA | |
| Extensión | 314 p. : |
| Otras características físicas | il. ; 21 cm |
| 534 ## - • Nota De Versión Original | |
| Título | An abundance of Katherines. |
| 650 14 - • PUNTO DE ACCESO ADICIONAL DE MATERIA - TÉRMINO DE MATERIA | |
| Término de materia o nombre geográfico como elemento inicial | Autopercepción - Novela. |
| 650 14 - • PUNTO DE ACCESO ADICIONAL DE MATERIA - TÉRMINO DE MATERIA | |
| Término de materia o nombre geográfico como elemento inicial | Matemáticas - Novela. |
| 650 14 - • PUNTO DE ACCESO ADICIONAL DE MATERIA - TÉRMINO DE MATERIA | |
| Término de materia o nombre geográfico como elemento inicial | Novela estadounidense. |
| 650 14 - • PUNTO DE ACCESO ADICIONAL DE MATERIA - TÉRMINO DE MATERIA | |
| Término de materia o nombre geográfico como elemento inicial | Relaciones humanas - Novela. |
| 700 1# - • PUNTO DE ACCESO ADICIONAL - NOMBRE DE PERSONA | |
| Nombre de persona | Sobregués, Noemí, |
| Término indicativo de función | tr. |
| 942 ## - ENTRADA DE ELEMENTOS AGREGADOS (KOHA) | |
| Koha [por defecto] tipo de item | LIbro |
| Perdido | Fuente de clasificación o esquema | Estado Físico | No para préstamo | Forma de adquisición | Localización permanente | Localización actual | Fecha adquisición | Préstamos totales | Renovaciones totales | Signatura completa | Código de barras | Fecha última consulta | Fecha último préstamo | Número de copia | Fecha del precio de reemplazo | Tipo de item de Koha | Localización en estanterías | Note pública |
|---|---|---|---|---|---|---|---|---|---|---|---|---|---|---|---|---|---|---|
| Dewey Decimal Classification | Sala General | Biblioteca Barrio Emporio - Villavicencio | Biblioteca Movil - Villavicencio | 02/28/2017 | 4 | 2 | 813.5 G72t | 031478 | 11/08/2017 | 09/28/2017 | Ej. 2 | 02/28/2017 | LIbro | |||||
| Literatura General | Biblioteca Pública Departamental Eduardo Carranza - Villavicencio | Biblioteca Pública Departamental Eduardo Carranza - Villavicencio | 03/01/2017 | N GRE5t | ECA24938 | 11/26/2024 | Ej.1 | 11/26/2024 | LIbro | Literatura | 18936 | 24143 | |||||||
| Dewey Decimal Classification | Sala General Segundo Piso | Biblioteca Pública Germán Arciniegas - Villavicencio | Biblioteca Pública Germán Arciniegas - Villavicencio | 09/12/2016 | 8 | 2 | 813.5 G72t | 30740 | 09/29/2017 | 09/22/2017 | Ej. 1 | 09/12/2016 | LIbro |